/ 3



Sufimat ate Punjabi Sufi kaav (Record no. 22694)

MARC details
000 -LEADER
fixed length control field 00366nam a2200157Ia 4500
003 - CONTROL NUMBER IDENTIFIER
control field RNL
008 - FIXED-LENGTH DATA ELEMENTS--GENERAL INFORMATION
fixed length control field 090707b ii f a fnsan d
040 ## - CATALOGING SOURCE
Original cataloging agency RCL
100 ## - MAIN ENTRY--PERSONAL NAME
Personal name Ghuman, Bikram Singh, ed.
245 ## - TITLE STATEMENT
Title Sufimat ate Punjabi Sufi kaav
260 ## - PUBLICATION, DISTRIBUTION, ETC.
Place of publication Amritsar
260 ## - PUBLICATION, DISTRIBUTION, ETC.
Name of publisher Waris Shah Foundation
260 ## - PUBLICATION, DISTRIBUTION, ETC.
Year of publication 2009
300 ## - PHYSICAL DESCRIPTION
Number of Pages 256p.
942 ## - ADDED ENTRY ELEMENTS (KOHA)
Koha item type Books
Holdings
Accession Number Cost, replacement price Lost status Damaged status Price effective from Koha item type Not for loan Collection code Withdrawn status Home library Current library Shelving location Date acquired
48483 250.00     10/02/2018 Books   Punjabi Department Books   RCL RCL General Stacks 10/02/2018

Find us on the map

Contact Us

RAMANUJAN COLLEGE UNIVERSITY OF DELHI, KALKAJI, NEW DELHI 110019
library@ramaanujan.du.ac.in
011-35002219
https://library.ramanujancollege.ac.in/
ramanujancollegelibrary
                                 
Customized & Maintained by Department of Library
Visitor Counter